Biblioteca

El ministerio de la diaconía / Humberto Pérez (Registro nro. 37412)

Detalles MARC
000 -LÍDER
Campo fijo de descripción fija 004600000a22001810004500
020 ## - NÚMERO INTERNACIONAL NORMALIZADO PARA LIBROS
Número Internacional Normalizado del libro SPA
041 0# - CÓDIGO DE IDIOMA
Código de idioma para texto/pista de sonido o título separado
082 04 - NÚMERO DE CLASIFICACIÓN DECIMAL DEWEY
Número de clasificación G 262.15 P9449m
001 - NÚMERO DE CONTROL
Campo de control 7188
100 1# - ASIENTO PRINCIPAL--NOMBRE PERSONAL
Nombre personal Pérez, Humberto
245 10 - TÍTULO
Título del Material El ministerio de la diaconía / Humberto Pérez
260 ## - PUBLICACIÓN, DISTRIBUCIÓN, ETC. (PIE DE IMPRENTA)
Lugar de publicación, distribución, etc. Miami, FL., USA : Logoi312 Pag
300 ## - DESCRIPCIÓN FÍSICA
Extensión 0-7899-0326-1
336 ## - CONTENT TYPE
Content type term texto
Content type code txt
Source rdacontent
337 ## - MEDIA TYPE
Source rdamedia
Media type term sin mediación
Media type code n
338 ## - CARRIER TYPE
Source rdacarrier
Carrier type term volumen
Carrier type code nc
942 ## - TIPO DE MATERIAL (KOHA)
Tipo de Item KOHA Libros General
Existencias
Estado de Material Estado de Perdido Forma de Clasificación Estado de Dañado No para Préstamo Colección Tomo Biblioteca de Origen Biblioteca Permanente Fecha de Adquisición Total de Préstamos Total de Renovaciones Signatura Topográfica Código de Barras Última vez visto Última vez Préstado Ejemplar/Existencia Fecha de Remplazo Tipo de Material
    Dewey Decimal Classification     Colección General   Biblioteca FUSBC Biblioteca FUSBC 06/01/2005 1 3 G 262.15 P9449m 14165 12/12/2019 27/02/2018 Ej. 3 26/01/2016 Libros General
    Dewey Decimal Classification     Colección General   Biblioteca FUSBC Biblioteca FUSBC 06/01/2005 4 2 G 262.15 P9449m 5862 10/03/2025 16/10/2018 Ej. 1 26/01/2016 Libros General
    Dewey Decimal Classification     Colección General   Biblioteca FUSBC Biblioteca FUSBC 06/01/2005     G 262.15 P9449m 27967 12/12/2019   Ej. 2 26/01/2016 Libros General

Biblioteca FUSBC | Teléfono: (57+4) 349 88 10 Ext. 141| WhatsApp (+57) 3005338115 
E-mail: biblioteca@unisbc.edu.co | Calle 76 87-14 Robledo Palenque, Medellín, Colombia

Con tecnología Koha